000 01600nam a22002777a 4500
999 _c56754
_d56754
003 Ge_BSU
005 20190421020021.0
008 190417s2005 ge ||||| |||| 00| 0 geo d
020 _a9994071424
020 _a9994071432
041 _ageo
080 _a342.727(4)+342.727(73)
100 _aოქრუაშვილი, მაია
_9236
245 _aგამოხატვის თავისუფლება :
_bტ. 1 : გამოხატვის თავისუფლება აშშ-სა და ევროპაში./
_c[ავტ. ჯგუფი: მაია ოქრუაშვილი, ირაკლი კოტეტიშვილი ; რედ:. თამარ კინწურაშვილი].
264 _aთბილისი :
_bთავისუფლების ინ-ტი,
_c2005.
300 _a378 გვ. ;
_c22 სმ.
504 _aბიბლიოგრაფია ტექსტის შენიშვნებში.
653 _aსამოქალაქო უფლებები
653 _a გამოხატვის თავისუფლება აშშ-ში
653 _a გამოხატვის თავისუფლება ევროპაში
653 _aგამოხატვის თავისუფლება
653 _a სამართალი
700 _aკოტეტიშვილი, ირაკლი
_9237
700 _aკინწურაშვილი, თამარ
_eრედაქტორი
_9238
942 _2udc
_cBK